LEADER 01699nam--2200457---450- 001 990006175000203316 005 20161020161218.0 010 $a978-88-6342-846-9$v1 035 $a000617500 035 $aUSA01000617500 035 $a(ALEPH)000617500USA01 035 $a000617500 100 $a20161020d2015----km-y0itay50------ba 101 $aita 102 $aIT 105 $a||||||||001yy 200 1 $aDeterminanti e conseguenze socio-economiche della mobilità territoriale delle popolazioni in ambito intermediterraneo: il caso italiano$fa cura di Luigi Di Comite e Stefania Girone 210 $aNapoli$cEditoriale Scientifica$d2015 215 $a2 volumi$d23 cm 225 2 $aAgonalis$v1 327 1 $a<> VIII, 244 p. 410 0$12001$aAgonalis$v, 1 606 0 $aImmigrati$xIntegrazione sociale$yItalia$xLegislazione$2BNCF 676 $a342.45083$v22 702 1$aDI COMITE,$bLuigi 702 1$aGIRONE,$bStefania 801 0$aIT$bsalbc$gISBD 912 $a990006175000203316 951 $aXXIV.2.D. 285 1$b84110 G.$cXXIV.2.D. 285/$d391611 959 $aBK 969 $aGIU 979 $aFIORELLA$b90$c20161020$lUSA01$h1407 979 $aFIORELLA$b90$c20161020$lUSA01$h1408 979 $aFIORELLA$b90$c20161020$lUSA01$h1408 979 $aFIORELLA$b90$c20161020$lUSA01$h1422 979 $aFIORELLA$b90$c20161020$lUSA01$h1428 979 $aFIORELLA$b90$c20161020$lUSA01$h1434 979 $aFIORELLA$b90$c20161020$lUSA01$h1436 979 $aANDRIA$b90$c20161020$lUSA01$h1612 996 $aDeterminanti e conseguenze socio-economiche della mobilità territoriale delle popolazioni in ambito intermediterraneo: il caso italiano$91394108 997 $aUNISA LEADER 01095nam a22002653i 4500 001 991000914759707536 005 20040219125710.0 008 040220s1990 it |||||||||||||||||ita 035 $ab12689695-39ule_inst 035 $aARCHE-068805$9ExL 040 $aDip.to Scienze pedagogiche$bita$cA.t.i. Arché s.c.r.l. Pandora Sicilia s.r.l. 082 04$a807 100 1 $aFava Vizziello, Graziella$0159925 245 13$aIl bambino che regalò un arcobaleno :$bfiabe per un compagno con autismo /$cGraziella Fava Vizziello, Maria Bet, Graziella Sandonà 260 $aTorino :$bBollati Boringhieri,$c1990 300 $a1 v. ;$c21 cm 440 0$aDidattica 700 1 $aBet, Maria$eauthor$4http://id.loc.gov/vocabulary/relators/aut$0547272 700 1 $aSandonà, Graziella 907 $a.b12689695$b02-04-14$c17-03-04 912 $a991000914759707536 945 $aLE022 CBS 192$g1$i2022000101493$lle022$o-$pE0.00$q-$rl$s- $t0$u7$v0$w7$x0$y.i13201347$z17-03-04 996 $aBambino che regalò un arcobaleno$91447173 997 $aUNISALENTO 998 $ale022$b17-03-04$cm$da $e-$fita$git $h3$i1